| 000 | 00492nam a2200145 a 4500 | ||
|---|---|---|---|
| 008 | 120416s1964 ||||||||||||||||| || u | ||
| 050 | _aNA 1995 Car | ||
| 100 | _aCarter, T. W. O | ||
| 245 | 1 | 0 | _aLiving dimensions |
| 246 | _athe work of an architect | ||
| 260 |
_aReading _bEducational Explorers _c1964 |
||
| 300 | _a140p. | ||
| 350 | _a0.00 | ||
| 995 |
_D0.00 _FCBU-MAIN LIBRARY (Kitwe) _H1 _I1.85 _M1 _UDAMAGED _ZMain Library Open Access Collection |
||
| 999 |
_c49398 _d49398 |
||